Một câu chọi vạn câu

Đã lưu trong:
Chi tiết về thư mục
Tác giả chính: Lưu Chấn Vân
Tác giả khác: Trung Nghĩa (Dịch)
Định dạng: Sách
Ngôn ngữ:Vietnamese
Được phát hành: H. Lao Động 2014
Những chủ đề:
Các nhãn: Thêm thẻ
Không có thẻ, Là người đầu tiên thẻ bản ghi này!
Thư viện lưu trữ: Thư viện Trường Đại học Nam Cần Thơ
LEADER 00735nam a22001937a 4500
001 NCT_4_013185
008 240927b xxu||||| |||| 00| 0 vie d
999 |c 8623  |d 8623 
020 |a 9786045919941  |c 149000 
082 0 4 |2 23rd ed.  |a 859.1  |b V121 
100 1 |a Lưu Chấn Vân 
245 1 0 |a Một câu chọi vạn câu  |c Lưu Chấn Vân ; Trung Nghĩa dịch 
260 |a H.  |b Lao Động  |c 2014 
300 |a 593 tr.  |c 23 cm 
653 |a Sách tham khảo 
700 0 |a Trung Nghĩa  |e Dịch 
942 |2 ddc  |c BK 
952 |0 0  |1 0  |2 ddc  |4 0  |6 859_100000000000000_V121  |7 0  |9 29546  |a 000001  |b 000001  |d 2024-09-27  |o 859.1 V121  |p TK.04681  |r 2024-09-27  |v 149000.00  |w 2024-09-27  |y BK 
980 |a Thư viện Trường Đại học Nam Cần Thơ